LEADER 01894oam 2200541M 450 001 9910716507003321 005 20210706134443.0 035 $a(CKB)5470000002523090 035 $a(OCoLC)1065955836 035 $a(OCoLC)995470000002523090 035 $a(EXLCZ)995470000002523090 100 $a20071213d1926 ua 0 101 0 $aeng 135 $aurcn||||||||| 181 $ctxt$2rdacontent 182 $cc$2rdamedia 183 $acr$2rdacarrier 200 10$aArthur H. Bagshaw. April 12, 1926. -- Committed to the Committee of the Whole House and ordered to be printed 210 1$a[Washington, D.C.] :$c[U.S. Government Printing Office],$d1926. 215 $a1 online resource (4 pages) 225 1 $aHouse report / 69th Congress, 1st session. House ;$vno. 835 225 1 $a[United States congressional serial set] ;$v[serial no. 8536.] 300 $aBatch processed record: Metadata reviewed, not verified. Some fields updated by batch processes. 300 $aFDLP item number not assigned. 606 $aClaims 606 $aIndustrial accidents 606 $aIndustrial safety 606 $aLegislative amendments 606 $aWorkers' compensation 606 $aPostal service$xEmployees 608 $aLegislative materials.$2lcgft 615 0$aClaims. 615 0$aIndustrial accidents. 615 0$aIndustrial safety. 615 0$aLegislative amendments. 615 0$aWorkers' compensation. 615 0$aPostal service$xEmployees. 701 $aCarpenter$b Edmund Nelson$f1865-1952$pRepublican (PA)$01389402 801 0$bWYU 801 1$bWYU 801 2$bOCLCO 801 2$bOCLCQ 801 2$bOCLCO 801 2$bOCLCQ 906 $aBOOK 912 $a9910716507003321 996 $aArthur H. Bagshaw. April 12, 1926. -- Committed to the Committee of the Whole House and ordered to be printed$93546707 997 $aUNINA LEADER 03007nam 2200697 450 001 9910828503203321 005 20230331005403.0 010 $a0-19-802095-3 010 $a1-280-52332-8 010 $a9786610523320 010 $a0-19-536454-6 035 $a(CKB)1000000000411550 035 $a(EBL)272253 035 $a(OCoLC)476009834 035 $a(SSID)ssj0000362881 035 $a(PQKBManifestationID)12069370 035 $a(PQKBTitleCode)TC0000362881 035 $a(PQKBWorkID)10380595 035 $a(PQKB)10710540 035 $a(SSID)ssj0000302534 035 $a(PQKBManifestationID)12042552 035 $a(PQKBTitleCode)TC0000302534 035 $a(PQKBWorkID)10274658 035 $a(PQKB)11782930 035 $a(MiAaPQ)EBC272253 035 $a(Au-PeEL)EBL272253 035 $a(CaPaEBR)ebr11303232 035 $a(CaONFJC)MIL52332 035 $a(OCoLC)935260721 035 $a(EXLCZ)991000000000411550 100 $a20151030h19871987 uy 0 101 0 $aeng 135 $aur|n|---||||| 181 $ctxt 182 $cc 183 $acr 200 10$aMarch to Armageddon $ethe United States and the nuclear arms race, 1939 to the present /$fRonald E. Powaski 210 1$aNew York, [New York] ;$aOxford, [England] :$cOxford University Press,$d1987. 210 4$dİ1987 215 $a1 online resource (311 p.) 300 $aDescription based upon print version of record. 311 $a0-19-503878-9 311 $a0-19-504411-8 320 $aIncludes bibliographical references and index. 327 $aContents; 1. Roosevelt and the Manhattan Project, 1939-1945; 2. Truman, Hiroshima, and Nagasaki, 1945; 3. Truman and International Control of the Atom, 1945-1947; 4. Truman, the Cold War, and the Hydrogen Bomb, 1947-1952; 5. Eisenhower and Massive Retaliation, 1953-1961; 6. Eisenhower and Nuclear Arms Control, 1953-1961; 7. Kennedy, Nuclear Weapons, and the Limited Test Ban Treaty, 1961-1963; 8. Johnson, Nuclear Weapons, and the Pursuit of SALT, 1963-1969; 9. Nixon and SALT I, 1969-1972; 10. Nixon, Ford, and the Decline of De?tente, 1972-1977; 11. Carter and SALT II, 1977-1981 327 $a12. Reagan and the ""Rearmament"" of America, 1981-198313. Reagan and Nuclear Arms Talks, 1981 to the Present; Conclusion; Glossary of Acronyms and Technical Terms; Notes; Suggested Readings; Index 330 $aThis book traces the evolution of the nuclear arms race from its origin in Roosevelt's decision to develop an atomic bomb to Reagan's decision to continue its expansion in the 1980s. 606 $aNuclear weapons 606 $aArms race$xHistory$y20th century 607 $aUnited States$xDefenses 615 0$aNuclear weapons. 615 0$aArms race$xHistory 676 $a355.8/25119/0973 700 $aPowaski$b Ronald E.$0926817 801 0$bMiAaPQ 801 1$bMiAaPQ 801 2$bMiAaPQ 906 $aBOOK 912 $a9910828503203321 996 $aMarch to Armageddon$94072420 997 $aUNINA